Spontaneous kitten's cyclopia

Bibliographic Details
Main Authors: Pourlis, A.F (Author), Ioannou, A. (Author), Magras, I.N (Author)
Format: Article
Language:Slovak
English
PhysicalDescription:Fotogr.
ISSN:0015-5748
Subjects:

MARC

LEADER 00000nab a2200000 a 4500
001 vtls000842404
003 SK-MaSNL
005 20260304110148.0
008 250429c2003 xo 0 slo
015 |a SNBRB2003/08-22497 
035 |a CLN000194059 
035 |a urn:nbn:sk:snk-ab9luz 
035 |a (urnnbn)urn:nbn:sk:snk:ar-a08jm8 
035 |a (uuid)6cd7405e-00f5-4a07-bdda-760012cf3c21 
040 |a SNKBUCL  |b slo  |c SNKBUCL  |e AACR2 
041 0 |a eng 
044 |a xo  |c SK 
080 |a 619:616-007.24  |2 1997 
080 |a 636.8.09  |2 1997 
100 1 |a Pourlis, A.F.  |4 aut  |9 1408329 
245 1 0 |a Spontaneous kitten's cyclopia  |c A.F. Pourlis, A. Ioannou, I.N. Magras 
300 |b Fotogr. 
504 |a Res. angl. 
504 |a Bibliogr. odkazy 
650 0 7 |a mačky  |2 snkbucl  |9 2793 
650 0 7 |a kongenitálne malformácie  |2 snkbucl  |9 1367626 
650 0 7 |a kyklopia  |2 snkbucl  |9 1408330 
650 0 7 |a teratogenéza  |2 snkbucl  |9 1408331 
655 7 |a články z novín a časopisov  |2 snkbucl  |9 267496 
700 1 |a Ioannou, A.  |4 aut  |9 1408332 
700 1 |a Magras, I.N.  |4 aut  |9 1408333 
773 0 |t Folia veterinaria  |g Roč. 47, č. 1 (2003), s. 48-51  |x 0015-5748 
850 |a Slovenská národná knižnica 
852 |a Slovenská národná knižnica 
958 |a article13 
958 |a OND 
958 |a NB 
958 |a MI 
958 |a EUIPO 
992 |a RBX 
999 |c 2858749  |d 2860679